000 00820nam a2200265Ia 4500
003 OSt
005 20221005042723.0
006 a|||||r|||| 00| 0
007 ta
008 221004b |||||||| |||| 00| 0 eng d
020 _a9780822361282 (pbk)
_cUKP 17.99
024 _a33285
037 _b2931, 14/03/2017, Govinda Book House
_cTextual
040 _aCRL
_cCRL
_beng
041 _2eng
_aeng
082 _aR39(Y), Q6
100 _aFrost Samantha Au.
_9590798
245 0 _aBiocultural creatures
_b toward a new theory of the human
260 _aDurham
_bDuke University Press UK
_c2016
300 _axii,203p.
_ccm.
650 _a PHILOSOPHY
650 _aHUMANISM
_926319
942 _hR39(Y), Q6
_cTEXL
_2cc
999 _c950748
_d950748